| 000 | 00448cam a2200181ua 4500 | ||
|---|---|---|---|
| 020 | _c4.50 | ||
| 041 |
_ahin _h |
||
| 082 |
_a891.54 _bKAN/VA |
||
| 100 | _aManiklal Munshi, Kanhyalal . | ||
| 245 |
_aVah remem vah / _cKanhyalal Maniklal Munshi. _hTextual Documents |
||
| 250 |
_a2 / _b. |
||
| 260 |
_aDelhi : _bRajkamal Prakashan , _c1961. |
||
| 300 | _a264 ; . | ||
| 365 | _a4.50 | ||
| 504 | _a | ||
| 942 | _cBK | ||
| 999 |
_c12166 _d12166 |
||